Urban Streetscape Design (Record no. 14230)
[ view plain ]
| 000 -LEADER | |
|---|---|
| fixed length control field | 00243nam a2200109Ia 4500 |
| 008 - FIXED-LENGTH DATA ELEMENTS--GENERAL INFORMATION | |
| fixed length control field | 260210s9999 xx 000 0 und d |
| 020 ## - INTERNATIONAL STANDARD BOOK NUMBER | |
| International Standard Book Number | 9789881296726 |
| 100 ## - MAIN ENTRY--PERSONAL NAME | |
| Personal name | DMPL |
| 245 #0 - TITLE STATEMENT | |
| Title | Urban Streetscape Design |
| 260 ## - PUBLICATION, DISTRIBUTION, ETC. | |
| Name of publisher, distributor, etc. | DMPL |
| 942 ## - ADDED ENTRY ELEMENTS (KOHA) | |
| Koha item type | B.PLAN |
| Withdrawn status | Lost status | Damaged status | Not for loan | Permanent Location | Current Location | Shelving location | Date acquired | Barcode | Date last seen | Price effective from | Koha item type |
|---|---|---|---|---|---|---|---|---|---|---|---|
| BMS College of Architecture, Design and Planning | BMS College of Architecture, Design and Planning | General Stacks | 2025-12-03 | AR-UG5086 | 2026-02-10 | 2026-02-10 | B.PLAN |